Living above your circumstances. (Record no. 16637)

000 -LEADER
fixed length control field 00493nam a2200169 a 4500
001 - CONTROL NUMBER
control field :::00019811$&:&@@
003 - CONTROL NUMBER IDENTIFIER
control field OkBaRHE
005 - DATE AND TIME OF LATEST TRANSACTION
control field 20011105124354.0
008 - FIXED-LENGTH DATA ELEMENTS--GENERAL INFORMATION
fixed length control field j 000 0 eng u
040 ## - CATALOGING SOURCE
Transcribing agency
100 1# - MAIN ENTRY--PERSONAL NAME
Personal name Walker, Warren
245 10 - TITLE STATEMENT
Title Living above your circumstances.
260 ## - PUBLICATION, DISTRIBUTION, ETC. (IMPRINT)
Place of publication, distribution, etc Indianapolis, IN
Name of publisher, distributor, etc Cadle Publications
300 ## - PHYSICAL DESCRIPTION
Extent 92 p.
942 ## - ADDED ENTRY ELEMENTS (KOHA)
Source of classification or shelving scheme
Koha item type Books
Copies
Lost status Date acquired Damaged status Copy number Barcode Date last seen Permanent Location Withdrawn status Price effective from Koha item type Source of classification or shelving scheme Shelving location Not for loan Full call number
 2010-04-14 1198112010-04-14RHEMA Bible Training College 2010-04-14Books General Stacks BV 4501.2 .W344